| 000 | 00663nam a22002177a 4500 | ||
|---|---|---|---|
| 999 |
_c35336 _d35336 |
||
| 003 | OSt | ||
| 005 | 20220602131111.0 | ||
| 008 | 181211b xxu||||| |||| 00| 0 spa d | ||
| 020 | _a978-987-614-325-7 | ||
| 040 | _cBiblioteca Ernesto Sábato | ||
| 092 |
_a330.09 _bN972 _eJLS |
||
| 100 | _aNun, José | ||
| 245 |
_aLa desigualdad y los impuestros _bI : Introducción para no especialistas; II : Materiales para la discusión |
||
| 260 |
_aBuenos Aires _bCapital Intelectual _c2011 |
||
| 300 | _a2 v. | ||
| 440 |
_aClaves para todos. Dirigida por José Nun _n 119 _n 120 |
||
| 650 | _aECONOMIA | ||
| 650 | _aDESIGUALDAD | ||
| 650 | _aJLS | ||
| 942 |
_2ddc _cJLS |
||